Państwa których Brytyjczycy nie najechali. - Statystyki

Ogólne statystyki
  • Ten quiz został rozwiązany 156 razy
  • Średni wynik to 8 z 22
Statystyki odpowiedzi
Podpowiedź Odpowiedź % Poprawnych
Europa Watykan
65%
Europa Andora
63%
Europa Liechtenstein
62%
Europa Monako
59%
Europa Szwecja
58%
Europa Luksemburg
55%
Ameryka Południowa Boliwia
53%
Ameryka Południowa Paragwaj
50%
Europa Białoruś
38%
Afryka Kongo
37%
Azja Mongolia
29%
Ameryka Północna Gwatemala
27%
Afryka Czad
24%
Afryka Republika Środkowoafrykańska
23%
Azja Tadżykistan
22%
Azja Uzbekistan
22%
Wyspy Wyspy Marshalla
22%
Azja Kirgistan
19%
Afryka Mali
19%
Wyspy Wyspy Świętego Tomasza i Książeca
19%
Afryka Burundi
9%
Afryka Wybrzeże Kości Słoniowej
8%
Nie znaleziono quizów pasujących do podanych kryteriów
Rozkład punktacji
Procent ludzi z każdym wynikiem
Percentyl według liczby udzielonych odpowiedzi
Twoja historia wyników
Nie rozwiązałeś tego quizu